Liste Grenoble INP 2023 - Statistiques

Statistiques générales
  • Ce quiz a été pris 18 fois
  • Le résultat moyen est 7 sur 17
Statistiques - réponses
Ecole Liste % Correct
Ense3 Tym
80%
Abys
67%
Jetz
67%
Cas
60%
GI Cid
47%
Phelma Flip
47%
Miz
47%
Spell
47%
Xang
47%
Xsou
47%
Papet Hyp
40%
Hype
40%
Djaks
27%
Imag Low
27%
Dio
7%
Artcanes
0%
Blitz
0%
Aucun quiz correspondant
Distribution des résultats
% des personnes avec chaque résultat
Percentile par nombre de réponses
Votre historique - résultats
Vous n’avez pas pris ce quiz